Južná Kórea. Rešpektovaný svetový hráč.

Južná Kórea ako silný exportér a importér. Je jeden z najdôležitejších emerging markets na svete. Konkurencieschopnosť kórejského tovaru. Nízke náklady na mzdy. Vysoké pracovné nasadenie. Protekcionalistická politika vlády. Megapole Soul. Absencia malých a stredných podnikov.

Saved in:
Bibliographic Details
Main Author: Havlíček, Karel
Format: Book Chapter
Language:Slovak
Subjects:
Tags: Add Tag
No Tags, Be the first to tag this record!

MARC

LEADER 00000naa$a2200000$$$4500
001 0063333
005 20231006122051.2
041 0 |a slo 
044 |a SK 
245 1 0 |a Južná Kórea. Rešpektovaný svetový hráč.  |c Karel Havlíček 
520 |a Južná Kórea ako silný exportér a importér. Je jeden z najdôležitejších emerging markets na svete. Konkurencieschopnosť kórejského tovaru. Nízke náklady na mzdy. Vysoké pracovné nasadenie. Protekcionalistická politika vlády. Megapole Soul. Absencia malých a stredných podnikov. 
610 2 0 |a Kórea 
610 2 0 |a konkurencieschopnosť 
610 2 0 |a protekcionizmus 
610 2 0 |a podnik 
610 2 0 |a náklady 
100 1 |a Havlíček, Karel